000
00203nam a22000977a 4500
100
_a
Paragon
245
_a
Introducing Biology Evolution
250
_a
2015
260
_b
Brown Bear Books
942
_2
ddc
_c
BK
999
_c
12860
_d
12860